00967nam a22002537a 450000500170000000800410001701000150005802000260007302000230009903500130012203700130013504000130014808200180016110000190017924500920019826000300029027000680032030000270038850000660041565000580048165000600053965000560059965000580065520121218110442.0121218t xxu||||| |||| 00| 0 eng d aENG-106377 a9789380607474c795.00 a9380607474c795.00 aEN-89910 bDBAD/PUB aDPLbENG04a973.049142231 aDas, Ashidhara10aDesi dreams :bIndian immigrant women build lives across two worlds /cby Ashidhara Das aDelhibPrimus Booksc2012 aVirat Bhavan, Mukherjee Nagar Commercial ComplexbDelhie110009 axviii, 162p.c25cm(Hb) aIncludes bibliographical references (p. [151]-157) and index. 0aWomen, East IndianzUnited StatesxSocial conditions. 0aWomen, East IndianzUnited StatesxEconomic conditions. 0aWomen immigrantszUnited StatesxSocial conditions. 0aWomen immigrantszUnited StatesxEconomic conditions.